प्रिनिधि व्यंग्य रचनाएँ उस देश का यारों क्या कहना / (Record no. 119403)

MARC details
000 -LEADER
fixed length control field 01225nam a22002537a 4500
005 - DATE AND TIME OF LATEST TRANSACTION
control field 20170124103133.0
010 ## - LIBRARY OF CONGRESS CONTROL NUMBER
LC control number B-158096
020 ## - INTERNATIONAL STANDARD BOOK NUMBER
Terms of availability 250.00
International Standard Book Number 8170163897
035 ## - SYSTEM CONTROL NUMBER
System control number B-158096
037 ## - SOURCE OF ACQUISITION
Source of stock number/acquisition Cen Lib/Ret
040 ## - CATALOGING SOURCE
Original cataloging agency DPL
Language of cataloging HN
082 ## - DEWEY DECIMAL CLASSIFICATION NUMBER
Classification number 827
Item number जोशीम
100 ## - MAIN ENTRY--PERSONAL NAME
Personal name जोशी, मनोहर श्याम
9 (RLIN) 42923
245 ## - TITLE STATEMENT
Title प्रिनिधि व्यंग्य रचनाएँ उस देश का यारों क्या कहना /
Statement of responsibility, etc मनोहर श्याम जोशी
246 ## - VARYING FORM OF TITLE
Title proper/short title Prtinidhi vyangy rachnayen us desh ka yaron kya kahna
Remainder of title by Manohar Shyam Joshi
260 ## - PUBLICATION, DISTRIBUTION, ETC. (IMPRINT)
Place of publication, distribution, etc नई दिल्ली
Name of publisher, distributor, etc किताबघर प्रकाशन
Date of publication, distribution, etc 2004
270 ## - ADDRESS
Address 24, अंसारी रोड दरिया गंज
City नई दिल्ली
Postal code 110002
300 ## - PHYSICAL DESCRIPTION
Extent 248पृष्ठ.
Dimensions 20सेमी(सजिल्द)
650 ## - SUBJECT ADDED ENTRY--TOPICAL TERM
Topical term or geographic name as entry element हिंदी साहित्य
9 (RLIN) 84724
650 ## - SUBJECT ADDED ENTRY--TOPICAL TERM
Topical term or geographic name as entry element व्यंग्यात्मक रचनाएँ - हिंदी
9 (RLIN) 84725
650 ## - SUBJECT ADDED ENTRY--TOPICAL TERM
Topical term or geographic name as entry element hindi literature
9 (RLIN) 84726
650 ## - SUBJECT ADDED ENTRY--TOPICAL TERM
Topical term or geographic name as entry element Satirical compositions - Hindi
9 (RLIN) 84727
942 ## - ADDED ENTRY ELEMENTS (KOHA)
Source of classification or shelving scheme Dewey Decimal Classification
Koha item type Hindi Books
Classification part 827
Call number suffix जोशीम
Holdings
Withdrawn status Lost status Damaged status Not for loan Home library Current library Date acquired Source of acquisition Cost, normal purchase price Total Checkouts Full call number Barcode Date last seen Copy number Cost, replacement price Price effective from Koha item type
        Central Library Central Library 16/09/2015 Cen Lib/Ret 250.00   827 जोशीम B-158096 16/09/2015 1 250.00 16/09/2015 Hindi Books

© Delhi Public Library
Hit Counter
free hit counter